[Event "Calvia Amateur op 12th"]
[Site "Calvia"]
[Date "2015.10.16"]
[Round "7"]
[White "Rato, Eduardo"]
[Black "Estevez Sacristan, Deva"]
[Result "1-0"]
[WhiteElo "1703"]
[BlackElo "1536"]
[PlyCount "61"]
[EventDate "2015.10.10"]
[EventType "swiss"]
[EventRounds "9"]
[EventCountry "ESP"]
[SourceTitle "EXT 2019"]
[Source "ChessBase"]
[SourceDate "2018.10.10"]
[SourceVersion "1"]
[SourceVersionDate "2018.10.10"]
[SourceQuality "1"]

1. Nf3 e6 2. c4 Nf6 3. d4 d5 4. Bg5 Be7 5. Nc3 0-0 6. h3 Nbd7 7. e3 b6 8. Bd3 dxc4 9. Bxc4 Bb7 10. 0-0 Rc8 11. Qe2 c5 12. Rfd1 cxd4 13. Nxd4 Qc7 14. Ba6 Bxa6 15. Qxa6 Nc5 16. Qe2 h6 17. Bh4 Rfd8 18. Rac1 Qb7 19. f3 e5 20. Nf5 Rxd1+ 21. Rxd1 Rc6 22. Qb5 a6 23. Nxe7+ Qxe7 24. Qxc6 b5 25. Nd5 Qf8 26. Bxf6 gxf6 27. Qxf6 Nd7 28. Ne7+ Kh7 29. Rxd7 a5 30. Ng6 Qg7 31. Rxf7 1-0

[Event "Figueira da Foz op 8th"]
[Site "Figueira da Foz"]
[Date "2014.11.25"]
[Round "4"]
[White "Rato, Eduardo"]
[Black "Pascoal, Eduardo A"]
[Result "0-1"]
[WhiteElo "1765"]
[BlackElo "2175"]
[PlyCount "40"]
[EventDate "2014.11.23"]
[EventType "swiss"]
[EventRounds "9"]
[EventCountry "POR"]
[SourceTitle "CBM 163 Extra"]
[Source "ChessBase"]
[SourceDate "2014.12.23"]
[SourceVersion "1"]
[SourceVersionDate "2014.12.23"]
[SourceQuality "1"]

1. Nf3 Nf6 2. c4 e6 3. d4 d5 4. Bg5 Nbd7 5. Nc3 c6 6. Rc1 Qa5 7. Bd2 Qd8 8. e3 Bd6 9. Bd3 0-0 10. 0-0 dxc4 11. Bxc4 e5 12. Qc2 exd4 13. Nxd4 Ne5 14. Be2 Re8 15. Nf3 Nxf3+ 16. Bxf3 Ng4 17. g3 Qf6 18. Qd1 Ne5 19. Kg2 Nxf3 20. Qxf3 Bh3+ 0-1

[Event "Figueira da Foz op 6th"]
[Site "Figueira da Foz"]
[Date "2009.12.04"]
[Round "7"]
[White "Brandauer, Dorit"]
[Black "Rato, Eduardo"]
[Result "1-0"]
[WhiteElo "1840"]
[BlackElo "1787"]
[PlyCount "69"]
[EventDate "2009.11.27"]
[EventType "swiss"]
[EventRounds "9"]
[EventCountry "POR"]
[SourceTitle "CBM 133 Extra"]
[Source "ChessBase"]
[SourceDate "2010.01.05"]
[SourceVersion "1"]
[SourceVersionDate "2010.01.05"]
[SourceQuality "1"]

1. Nf3 c5 2. g3 Nf6 3. Bg2 Nc6 4. 0-0 d5 5. d3 e5 6. Nbd2 Be7 7. c4 d4 8. a3 0-0 9. Rb1 a5 10. Ne1 Bg4 11. Ne4 Nd7 12. h3 Be6 13. e3 f5 14. Nd2 dxe3 15. fxe3 Bg5 16. Qe2 f4 17. gxf4 exf4 18. Bxc6 fxe3 19. Bxd7 Qxd7 20. Rxf8+ Rxf8 21. Ndf3 Bf4 22. Bxe3 Bxh3 23. Bxf4 Rxf4 24. Qe5 Rf6 25. Qd5+ Qxd5 26. cxd5 Rd6 27. Ng2 g5 28. Ne3 Kg7 29. Kh2 Bd7 30. Nxg5 Rh6+ 31. Kg2 Rg6 32. Kf3 Rf6+ 33. Ke4 Rg6 34. Ne6+ Kf7 35. Rf1+ 1-0

[Event "Figueira da Foz op 5th"]
[Site "Figueira da Foz"]
[Date "2008.12.05"]
[Round "7"]
[White "Rato, Eduardo"]
[Black "Leite Oralova, Catarina"]
[Result "0-1"]
[WhiteElo "1764"]
[BlackElo "2153"]
[PlyCount "59"]
[EventDate "2008.11.30"]
[EventType "swiss"]
[EventRounds "9"]
[EventCountry "POR"]
[SourceTitle "CBM 127 Extra"]
[Source "ChessBase"]
[SourceDate "2009.01.08"]
[SourceVersion "2"]
[SourceVersionDate "2009.01.28"]
[SourceQuality "1"]

1. Nf3 Nf6 2. g3 g6 3. Bg2 Bg7 4. Nc3 d6 5. d3 e5 6. e4 c6 7. Bg5 Nbd7 8. Qd2 a5 9. a4 h5 10. h4 Qc7 11. 0-0 0-0 12. Rfd1 Ng4 13. Qe2 Re8 14. Rf1 Nc5 15. Nh2 Ne6 16. Nxg4 Nxg5 17. Ne3 Ne6 18. Qd2 Qe7 19. Ne2 Bh6 20. Nf5 Bxd2 21. Nxe7+ Rxe7 22. Rad1 Bh6 23. c3 b6 24. d4 Ba6 25. Rfe1 Bc4 26. Ra1 Bxe2 27. Rxe2 exd4 28. f4 dxc3 29. bxc3 Nc5 30. c4 0-1